1170 1982 1355 1836 1233 1252 1502 1287 1478 1226 1136 1084 1246 1637 1655 1823 1340 1385 1073 1171 1382 1392 1888 1958 1476 1178 1780 1447 1158 1218 1736 1639 1846 1772 1245 1224 1367 1511 1294 1621 1652 1383 1062 1457 1914 1033 1718 1725 1696 1481 1440 1569 1322 1062 1548 1387 1482 1632 1600 1766 1766 1162 1470 1045 1384 1107 1233 1631 1756 1171 1376 1504 1329 1404 1224 1442 1968 1473 1492 1604 1045 1701 1387 1833 1024 1446 1563 1260 1084 1821 1833 1299 1869 1238 1290 1237 1553 1614 1269 BCNSPRNW ULIB Ver.6.0+V

เปลี่ยนเป็นภาษาไทย

Change to English
 แสดงรายละเอียดบรรณานุกรม
  กลับหน้าหลัก

Brief Record : Get Marc (ISO 2709) : E-mail record : QR code < ปิดหน้าต่าง
LEADER : 00000nam 2200000uu 4500
001    13399114557
003     ULIB
008    110627s2549||||th 000 0 tha d
020    97897493953
090    นว.^bม367อ
100 0  แมนเฟรดิ, วาเลริโอ มาสซิโม
245 00 อเล็กซานเดอร์มหาราช ตอน เทพพยากรณ์แห่งแอมมอน /^cแมนเฟรดิ, วาเลริโอ มาสซิโม
250    พิมพ์ครั้งที่ 1
260    กรุงเทพฯ :^bเพิร์ล พับลิชลิ่ง,^c2549
300    502 หน้า
710 1  เพิร์ล พับลิชลิ่ง
945    ^p0^l0^i018788
995    ทศพร
999 ^a ใช้งานได้ทุกระบบ
รายการนี้ยังไม่มีแท็ก
คุณยังไม่ได้ล็อกอิน คุณสามารถมีกิจกรรมร่วมกับเว็บไซต์ได้ แต่ต้องล็อกอินก่อน ::
  ล็อกอิน

รายการสื่อสารสนเทศ

ลำดับที่ ประเภท เลขเรียก/บาร์โค้ด สถานที่ สถานะ
1. นวนิยาย
นวนิยาย
นว. ม367อ ฉ.1 
  Barcode: 018788
ห้องสมุดวิทยาเขตสวรรค์ประชารักษ์
►นวนิยาย
บนชั้น
  ขอยืม

BibComment


ยังไม่เคยถูกคอมเมนท์

คอมเมนท์ทรัพยากรรายการนี้
  คอมเมนท์: อเล็กซานเดอร์มหาร..


 Copyright 2026. Bcnsprnw @Library